| 000 | 01430nam a2200373 a 4500 | ||
|---|---|---|---|
| 001 | 25814 | ||
| 003 | Mx-PuUPA | ||
| 005 | 20250328152402.0 | ||
| 008 | 140415s1998 dcuao fr 001 0 eng d | ||
| 020 | _a1881041433 | ||
| 022 | _a0160-6344 | ||
| 040 |
_cMx-PuUPA _aMx-PuUPA _bspa _dMx-PuUPA _erda |
||
| 041 | 0 | _aeng | |
| 100 | 1 |
_aScully, Robert E., _q(Robert Edward), _d1921- _eautor _916836 |
|
| 245 | 1 | 0 |
_aTumors of the ovary, maldeveloped gonads fallopian tube and broad ligament / _bby Robert E. Scully, Robert H. Young, Philip B. Clement ; Juan Rosai, editor |
| 264 | 1 |
_aWashington, D.C. : _bArmed Forces Institute of Pathology, _c[1998?] |
|
| 300 |
_a527 páginas : _bilustraciones, fotografĂas ; _c27 cm |
||
| 336 |
_2rdacontent _atexto _btxt |
||
| 336 |
_aimagen fija _bsti _2rda content |
||
| 337 |
_2rdamedia _asin medio _bn |
||
| 338 |
_2rdacarrier _avolumen _bnc |
||
| 490 | 0 |
_aAtlas of Tumor Pathology, _aThird series ; _v23 |
|
| 650 | 7 |
_2armarc _aTumores _xOvarios |
|
| 650 | 7 |
_2armarc _aAparato genital femenino _xTumores |
|
| 650 | 7 |
_2armarc _aAparato genital femenino _xAnormalidades |
|
| 650 | 7 |
_2armarc _aAparato genital femenino _xTumores _vAtlas |
|
| 700 | 1 |
_aYoung, Robert H. _eautor |
|
| 700 | 1 |
_aClement, Philip B., _eautor |
|
| 700 | 1 |
_aRosai, Juan, _eeditor |
|
| 942 |
_2ddc _cLI _h619.99465 _iS43 |
||
| 999 |
_c25814 _d25814 |
||